| 000 | 01190nam a2200289Ia 4500 | ||
|---|---|---|---|
| 005 | 20240530110943.0 | ||
| 008 | 140319s1980 xx 000 0 ara d | ||
| 040 |
_aGCL / _cGCL |
||
| 082 | 0 | 4 |
_a366.1 / _bهـ ب |
| 100 | 1 | _aتيودور هرتزل | |
| 245 | 1 | 0 |
_aالخطر اليهودى : _bبروتوكولات حكماء صهيون / _cتاليف هرتزل ، تيودور ؛ مترجم محمد خليفة التونسى ، سلمان بن فهد العودة ؛ مقدم عباس محمود العقاد |
| 250 | _aالخامسة | ||
| 260 |
_aالقاهرة : _bدار نون، _c1980 |
||
| 300 |
_a202 ص؛ _c24 سم |
||
| 650 | 0 | 4 | _aالاحوال الاجتماعية |
| 650 | 0 | 4 | _aالنزاع العربى الاسرائيلى |
| 650 | 0 | 4 | _aاليهودية |
| 650 | 0 | 4 | _aالبروتوكلات |
| 650 | 0 | 4 | _aاليهود |
| 650 | 0 | 4 | _aاليهود - تاريخ |
| 650 | 0 | 4 | _aاحتلال فلسطين |
| 700 | 1 |
_aمحمد خليفة التونسى _eمترجم |
|
| 700 | 1 |
_aسلمان بن فهد العودة _eمترجم |
|
| 700 | 1 |
_aعباس محمود العقاد _eمقدم |
|
| 942 |
_2ddc _cBK |
||
| 999 |
_c66854 _d66854 |
||